000 00828nam a2200229Ia 4500
003 GCL
008 140319s9999 xx 000 0 ara d
040 _aGCL /
_cGCL
082 0 4 _a811.6
_bح د
100 1 _aناصرالدين الاسد
245 1 0 _aديوان شعر الحادرة املاء ابى عبدالله محمد بن العباس اليزيدى عن الاصمعى /
_cناصرالدين الاسد
700 1 _aالحادرة , قطبة بن اوس بن محصن
700 1 _aاليزيدى : ابوعبدالله محمد بن العباس
260 _a[S.N] :
_bدار صادر ،
_c1991
300 _a135 ص
490 _a
650 0 4 _aالشعر العربى
650 0 4 _aالادب العربى
650 0 4 _aدواوين وقصائد
650 0 4 _aتاريخ ونقد
942 _2ddc
_cBK
999 _c31361
_d31361